[Event "Dubai Police op-A"]
[Site "Dubai"]
[Date "2024.05.11"]
[Round "8"]
[White "Rathanvel, VS."]
[Black "Aradhya, Garg"]
[Result "1-0"]
[WhiteElo "2472"]
[BlackElo "2388"]
[PlyCount "123"]
[EventDate "2024.05.04"]
[EventType "swiss"]
[EventRounds "9"]
[EventCountry "UAE"]
[SourceTitle "CB20_2024"]
[SourceDate "2024.05.16"]
[SourceVersion "1"]
[SourceVersionDate "2024.05.16"]
[SourceQuality "1"]

1. e4 e5 2. Nf3 Nc6 3. Bb5 a6 4. Ba4 Nf6 5. 0-0 Be7 6. Re1 b5 7. Bb3 0-0 8. a4 b4 9. d4 d6 10. dxe5 Nxe5 11. Bf4 Ng6 12. Bg3 Bb7 13. Nbd2 Nh5 14. Nc4 a5 15. e5 d5 16. Ne3 Nxg3 17. hxg3 c6 18. c4 bxc3 19. bxc3 Bc5 20. Bc2 Re8 21. Nf5 Qc7 22. Ng5 h6 23. Nf3 Rad8 24. Qd3 Bc8 25. Rab1 Kf8 26. N5h4 Nxh4 27. gxh4 Bg4 28. Qh7 Bxf3 29. gxf3 Ke7 30. Kf1 Rg8 31. e6 f6 32. Qg6 Qh2 33. Rb7+ Kd6 34. Qg3+ Qxg3 35. fxg3 Rge8 36. Bf5 Re7 37. Rxe7 Kxe7 38. Rb1 g6 39. Rb7+ Kd6 40. Bxg6 Kxe6 41. Ke2 d4 42. c4 Bd6 43. f4 Rb8 44. Bf7+ Kf5 45. Kf3 h5 46. Rxb8 Bxb8 47. Bxh5 Ke6 48. Ke4 f5+ 49. Kxd4 Bd6 50. c5 Bf8 51. Be8 Bg7+ 52. Kc4 Bb2 53. Bxc6 Ba3 54. Bb7 Bb4 55. Bc8+ Ke7 56. Bxf5 Be1 57. Kb5 Bxg3 58. Kxa5 Bxh4 59. Kb6 Bg3 60. c6 Bxf4 61. c7 Bxc7+ 62. Kxc7 1-0

[Event "Dubai Police op-A"]
[Site "Dubai"]
[Date "2024.05.10"]
[Round "7"]
[White "Aradhya, Garg"]
[Black "Ganerdene, Sugar"]
[Result "1/2-1/2"]
[WhiteElo "2388"]
[BlackElo "2430"]
[PlyCount "61"]
[EventDate "2024.05.04"]
[EventType "swiss"]
[EventRounds "9"]
[EventCountry "UAE"]
[SourceTitle "CB20_2024"]
[SourceDate "2024.05.16"]
[SourceVersion "1"]
[SourceVersionDate "2024.05.16"]
[SourceQuality "1"]

1. d4 Nf6 2. Nf3 e6 3. c4 d5 4. Nc3 Bb4 5. Qb3 c5 6. dxc5 Nc6 7. Bg5 dxc4 8. Qxc4 Qa5 9. Bxf6 gxf6 10. Rc1 Bxc5 11. e3 Be7 12. Be2 Qb4 13. Qxb4 Nxb4 14. Bb5+ Kf8 15. a3 Na6 16. Na4 Bd6 17. 0-0 Nc7 18. Nc3 Ke7 19. Rfd1 Rd8 20. Ba4 Bd7 21. Bc2 f5 22. g3 Nb5 23. Nxb5 Bxb5 24. Bd3 Ba4 25. Bc2 Be8 26. e4 Bc6 27. Nd2 f4 28. Nf3 h6 29. Rd4 Bc5 30. Rc4 Bb6 31. Ba4 1/2-1/2

[Event "Dubai Police op-A"]
[Site "Dubai"]
[Date "2024.05.04"]
[Round "1"]
[White "Aradhya, Garg"]
[Black "Bai, Jinshi"]
[Result "1-0"]
[WhiteElo "2388"]
[BlackElo "2580"]
[PlyCount "199"]
[EventDate "2024.05.04"]
[EventType "swiss"]
[EventRounds "9"]
[EventCountry "UAE"]
[SourceTitle "CB20_2024"]
[SourceDate "2024.05.16"]
[SourceVersion "1"]
[SourceVersionDate "2024.05.16"]
[SourceQuality "1"]

1. d4 Nf6 2. c4 g6 3. g3 Bg7 4. Bg2 0-0 5. Nf3 c5 6. Nc3 d5 7. dxc5 Qa5 8. cxd5 Nxd5 9. Qxd5 Bxc3+ 10. bxc3 Qxc3+ 11. Qd2 Qxa1 12. 0-0 Nc6 13. Bb2 Qxa2 14. Ra1 Qc4 15. Rc1 Qb5 16. Nd4 Nxd4 17. Qxd4 f6 18. c6 Be6 19. cxb7 Rad8 20. Qe3 Qb6 21. Ba3 Qxe3 22. fxe3 Kf7 23. Kf2 Rg8 24. Bc5 Bd5 25. Bxa7 Bxb7 26. Bxb7 Rd7 27. Rb1 e5 28. e4 Kg7 29. g4 Rc7 30. Rb5 Re8 31. Be3 Rb8 32. Bc6 Rxb5 33. Bxb5 g5 34. h4 h6 35. h5 Rb7 36. Bc4 Rb1 37. Be6 Ra1 38. Bf5 Rd1 39. Be6 Rd6 40. Bd5 Ra6 41. Bc5 Ra5 42. Be7 Ra7 43. Bd8 Ra1 44. Ke3 Rg1 45. Be6 Ra1 46. Be7 Ra7 47. Bb4 Ra6 48. Bf5 Rb6 49. Be7 Kf7 50. Bd8 Ra6 51. Bc7 Rc6 52. Ba5 Rd6 53. Bg6+ Kg7 54. Bb4 Rd4 55. Bc3 Rd6 56. Be8 Rd1 57. Bd2 Rg1 58. Bd7 Rg3+ 59. Kf2 Ra3 60. Be6 Ra1 61. e3 Ra6 62. Bd5 Ra1 63. Ke2 Rg1 64. Be6 Ra1 65. Kd3 Ra6 66. Bd5 Ra4 67. Kc3 Ra1 68. Kc4 Rg1 69. Be6 Rg2 70. Bb4 Re2 71. Bc5 Rd2 72. Kb5 Rd1 73. Kc6 Rd2 74. Bf5 Rd3 75. Bg6 Kg8 76. Bd6 Rb3 77. Kd7 Rb7+ 78. Ke6 Kg7 79. Be8 Rb6 80. Bd7 Ra6 81. Bb5 Ra5 82. Bc4 Ra4 83. Bd5 Ra6 84. Ke7 Rb6 85. Kd7 Ra6 86. Be7 Rb6 87. Bc5 Rb5 88. Kd6 Ra5 89. Bb6 Ra6 90. Kc6 Ra4 91. Kd7 Rb4 92. Bd8 Rb8 93. Be7 Rb6 94. Ke8 Rb8+ 95. Bd8 Rc8 96. Ke7 Rb8 97. Kd7 Rb1 98. Ke6 Rf1 99. Bc6 Rf3 100. Be8 1-0

[Event "Titled Tuesday intern op 16th Apr Early"]
[Site "Chess.com INT"]
[Date "2024.04.16"]
[Round "2"]
[White "Aradhya, Garg"]
[Black "Nasir, Zehn"]
[Result "0-1"]
[WhiteElo "2385"]
[BlackElo "2057"]
[PlyCount "64"]
[EventDate "2024.04.16"]
[EventType "swiss (blitz)"]
[EventRounds "11"]
[EventCountry "USA"]
[SourceTitle "CB17_2024"]
[SourceDate "2024.04.24"]
[SourceVersion "1"]
[SourceVersionDate "2024.04.24"]
[SourceQuality "1"]

1. d4 Nf6 2. c4 c5 3. d5 e6 4. Nf3 exd5 5. cxd5 d6 6. e4 a6 7. h3 g6 8. Bd3 Bg7 9. 0-0 Nbd7 10. a4 Nh5 11. Na3 0-0 12. Nc4 Nb6 13. Bg5 Qc7 14. Qd2 Nxc4 15. Bxc4 Re8 16. Rfe1 Bd7 17. e5 b5 18. axb5 axb5 19. exd6 Qxd6 20. Be7 Qb6 21. Bf1 Rxa1 22. Rxa1 Rxe7 23. g4 Nf6 24. d6 Re8 25. Rd1 Ne4 26. Qd5 Bc6 27. d7 Rd8 28. Qd3 Rxd7 29. Qe2 Rxd1 30. Qxd1 c4 31. b3 Qxf2+ 32. Kh1 Ng3# 0-1

[Event "Titled Tuesday intern op 16th Apr Early"]
[Site "Chess.com INT"]
[Date "2024.04.16"]
[Round "10"]
[White "Aradhya, Garg"]
[Black "Suyarov, Mukhammadzokhid"]
[Result "1-0"]
[WhiteElo "2385"]
[BlackElo "2405"]
[PlyCount "49"]
[EventDate "2024.04.16"]
[EventType "swiss (blitz)"]
[EventRounds "11"]
[EventCountry "USA"]
[SourceTitle "CB17_2024"]
[SourceDate "2024.04.24"]
[SourceVersion "1"]
[SourceVersionDate "2024.04.24"]
[SourceQuality "1"]

1. d4 d5 2. c4 e6 3. Nf3 Nf6 4. Nc3 c6 5. e3 Nbd7 6. Qc2 Bd6 7. Bd3 0-0 8. 0-0 dxc4 9. Bxc4 b5 10. Be2 Bb7 11. e4 e5 12. dxe5 Nxe5 13. Nd4 b4 14. Nf5 bxc3 15. Rd1 Qb6 16. Rxd6 Nfg4 17. Bxg4 Nxg4 18. h3 Ne5 19. Qxc3 Rfe8 20. Be3 Qc7 21. f4 f6 22. fxe5 fxe5 23. Rad1 Bc8 24. Qxc6 Qf7 25. Qxa8 1-0

[Event "Titled Tuesday intern op 02nd Apr Early"]
[Site "Chess.com INT"]
[Date "2024.04.02"]
[Round "3"]
[White "Aradhya, Garg"]
[Black "Martinez Alcantara, Jose Eduardo"]
[Result "0-1"]
[WhiteElo "2385"]
[BlackElo "2603"]
[PlyCount "80"]
[EventDate "2024.04.02"]
[EventType "swiss (blitz)"]
[EventRounds "11"]
[EventCountry "USA"]
[SourceTitle "CB15_2024"]
[SourceDate "2024.04.10"]
[SourceVersion "1"]
[SourceVersionDate "2024.04.10"]
[SourceQuality "1"]

1. d4 Nf6 2. c4 e6 3. Nc3 Bb4 4. Qc2 d6 5. e4 c5 6. d5 Qe7 7. Nge2 0-0 8. Bd2 a6 9. a3 Ba5 10. Ng3 exd5 11. cxd5 Bxc3 12. Bxc3 Nxd5 13. 0-0-0 Nxc3 14. Qxc3 Nc6 15. Bc4 Nd4 16. Kb1 Be6 17. Rhe1 b5 18. Bxe6 fxe6 19. Ne2 e5 20. f4 Nxe2 21. Rxe2 Rxf4 22. Qd3 Rd8 23. a4 Qb7 24. axb5 axb5 25. g3 Rf6 26. Rc2 c4 27. Qe3 h6 28. b3 d5 29. Qc5 Rc6 30. Qb4 d4 31. bxc4 Rdc8 32. c5 Kh8 33. Rdc1 R6c7 34. c6 Qa6 35. Qd6 Ra7 36. Rb2 b4 37. Qe6 Qd3+ 38. Rbc2 Rca8 39. c7 Ra1+ 40. Kb2 Qa3# 0-1

[Event "IND-ch Blitz"]
[Site "Nashik"]
[Date "2024.03.07"]
[Round "3"]
[White "Sharma, Harish1"]
[Black "Aradhya, Garg"]
[Result "1/2-1/2"]
[WhiteElo "2117"]
[BlackElo "2348"]
[PlyCount "123"]
[EventDate "2024.03.07"]
[EventType "swiss (blitz)"]
[EventRounds "11"]
[EventCountry "IND"]
[SourceTitle "CB11_2024"]
[SourceDate "2024.03.13"]
[SourceVersion "1"]
[SourceVersionDate "2024.03.13"]
[SourceQuality "1"]

1. e4 e5 2. Nf3 Nc6 3. Bc4 Nf6 4. d3 Bc5 5. c3 0-0 6. 0-0 d5 7. exd5 Nxd5 8. Qe2 Bg4 9. Re1 Nb6 10. Bb3 Bf5 11. Bc2 Nd5 12. Nxe5 Nxe5 13. Qxe5 Re8 14. Qxe8+ Qxe8 15. Rxe8+ Rxe8 16. Kf1 h5 17. h3 Bd6 18. a4 Nf4 19. Bxf4 Bxf4 20. Na3 g5 21. Rd1 g4 22. g3 Bd6 23. h4 Bxa3 24. bxa3 Re6 25. Re1 Rc6 26. c4 Kg7 27. Re3 Rb6 28. Re5 Kf6 29. Rb5 Rxb5 30. axb5 Ke5 31. d4+ Kf6 32. Bb3 Bd3+ 33. Ke1 Kf5 34. Kd2 Ke4 35. Kc3 Be2 36. Kd2 Bf1 37. c5 f5 38. Bf7 Kxd4 39. Bxh5 Bxb5 40. Bg6 Ke5 41. Ke3 b6 42. cxb6 axb6 43. h5 Kf6 44. Kf4 Bd7 45. Bh7 Be6 46. h6 c5 47. f3 gxf3 48. Kxf3 c4 49. Ke3 Kg5 50. Kd4 Kxh6 51. Bxf5 Bxf5 52. Kxc4 Bd7 53. Kb4 b5 54. a4 bxa4 55. g4 Kg5 56. Kc3 Be6 57. Kb4 Bb3 58. Ka3 Kxg4 59. Kb2 Kf4 60. Ka1 Ke3 61. Kb1 a3 62. Ka1 1/2-1/2

[Event "IND-ch Rapid"]
[Site "Nashik"]
[Date "2024.03.04"]
[Round "4"]
[White "Mitrabha, Guha"]
[Black "Aradhya, Garg"]
[Result "1-0"]
[WhiteElo "2466"]
[BlackElo "2186"]
[PlyCount "129"]
[EventDate "2024.03.04"]
[EventType "swiss (rapid)"]
[EventRounds "11"]
[EventCountry "IND"]
[SourceTitle "CB11_2024"]
[SourceDate "2024.03.13"]
[SourceVersion "1"]
[SourceVersionDate "2024.03.13"]
[SourceQuality "1"]

1. Nf3 d5 2. e3 Nf6 3. c4 e6 4. b3 c5 5. Bb2 Nc6 6. cxd5 exd5 7. Bb5 Bd6 8. 0-0 0-0 9. d4 cxd4 10. Bxc6 bxc6 11. Qxd4 Re8 12. Nbd2 c5 13. Qh4 Ne4 14. Qxd8 Rxd8 15. Rfd1 Ba6 16. Rac1 Be2 17. Re1 Bd3 18. Ba3 Rac8 19. Nxe4 Bxe4 20. Red1 f6 21. Ne1 Bf8 22. f3 Bg6 23. Kf2 a5 24. Rc3 a4 25. bxa4 c4 26. Bxf8 Kxf8 27. Nc2 Bxc2 28. Rxc2 Rc5 29. Rd4 Ra8 30. e4 Rxa4 31. exd5 Ke7 32. d6+ Kd7 33. Kg3 Rc6 34. h4 g6 35. Kh3 h5 36. Kg3 Ra5 37. Rf4 c3 38. Rxf6 Rd5 39. Rf7+ Ke6 40. Rc7 Rxc7 41. dxc7 Rc5 42. Kf4 Kd5 43. Kg5 Rc6 44. c8Q Rxc8 45. Kxg6 Kd4 46. Kxh5 Kd3 47. Rc1 c2 48. g4 Kd2 49. Rxc2+ Kxc2 50. g5 Kd3 51. g6 Ke3 52. g7 Kxf3 53. Kg5 Rc5+ 54. Kg6 Rc6+ 55. Kh7 Rc7 56. a4 Ra7 57. h5 Kg4 58. Kh8 Kxh5 59. g8Q Kh6 60. Qf8+ Kg6 61. Qd6+ Kf7 62. Qf4+ Kg6 63. Qg3+ Kh5 64. Qh2+ Kg6 65. Qg1+ 1-0

[Event "Titled Tuesday intern op 06th Feb Early"]
[Site "Chess.com INT"]
[Date "2024.02.06"]
[Round "8"]
[White "Bluebaum, Matthias"]
[Black "Aradhya, Garg"]
[Result "1/2-1/2"]
[WhiteElo "2658"]
[BlackElo "2392"]
[PlyCount "102"]
[EventDate "2024.02.06"]
[EventType "swiss (blitz)"]
[EventRounds "11"]
[EventCountry "USA"]
[SourceTitle "CB07_2024"]
[SourceDate "2024.02.14"]
[SourceVersion "1"]
[SourceVersionDate "2024.02.14"]
[SourceQuality "1"]

1. d4 d5 2. c4 e6 3. Nc3 Nf6 4. cxd5 exd5 5. Bg5 c6 6. e3 h6 7. Bf4 Bf5 8. Nge2 Nbd7 9. Ng3 Bh7 10. h4 Qb6 11. Qd2 Be7 12. Bd3 Bxd3 13. Qxd3 0-0 14. 0-0 Rfe8 15. Rab1 a5 16. a3 Bf8 17. Qc2 Qa6 18. b4 axb4 19. axb4 Qc4 20. Rfc1 Bxb4 21. Nce2 Qxc2 22. Rxc2 Bf8 23. Rxb7 c5 24. dxc5 Nxc5 25. Rb1 Ne6 26. Be5 Ne4 27. Nxe4 dxe4 28. Ng3 Nc5 29. Bd4 Nd3 30. h5 Bd6 31. Nf5 Be5 32. Rb7 Bxd4 33. Nxd4 Rac8 34. Nc6 Kf8 35. Rc4 Re6 36. Na5 Rxc4 37. Nxc4 Ne5 38. Nb6 Nc6 39. Kh2 Re7 40. Rxe7 Kxe7 41. g4 Ne5 42. Kg3 Ke6 43. Na4 f5 44. gxf5+ Kxf5 45. Nc5 Nd3 46. Nb7 Kg5 47. Nd6 Nc5 48. Ne8 Ne6 49. Nd6 Nc5 50. Ne8 Ne6 51. Nd6 Nc5 1/2-1/2

[Event "Titled Tuesday intern op 06th Feb Early"]
[Site "Chess.com INT"]
[Date "2024.02.06"]
[Round "10"]
[White "Demchenko, Anton"]
[Black "Aradhya, Garg"]
[Result "1-0"]
[WhiteElo "2609"]
[BlackElo "2392"]
[PlyCount "77"]
[EventDate "2024.02.06"]
[EventType "swiss (blitz)"]
[EventRounds "11"]
[EventCountry "USA"]
[SourceTitle "CB07_2024"]
[SourceDate "2024.02.14"]
[SourceVersion "1"]
[SourceVersionDate "2024.02.14"]
[SourceQuality "1"]

1. e4 e5 2. Nf3 Nf6 3. Nxe5 d6 4. Nf3 Nxe4 5. d4 d5 6. Bd3 Bd6 7. 0-0 0-0 8. Re1 Bf5 9. c4 c6 10. Qb3 Qd7 11. Nc3 Nxc3 12. Bxf5 Qxf5 13. bxc3 b6 14. h3 Nd7 15. cxd5 cxd5 16. Bg5 Rfe8 17. a4 h6 18. Bh4 Re4 19. Qb5 Rae8 20. Rxe4 Rxe4 21. Qc6 Qe6 22. Qa8+ Nf8 23. Bg3 Bxg3 24. fxg3 Re3 25. Rf1 Rxc3 26. Ne5 f6 27. Ng6 Qe3+ 28. Kh1 Qd3 29. Qxf8+ Kh7 30. Ne7 Qxf1+ 31. Kh2 h5 32. Qf7 Qe2 33. Nf5 Rxg3 34. Nxg3 Qc4 35. Qxh5+ Kg8 36. Qe8+ Kh7 37. Nf5 Qd3 38. Qh5+ Kg8 39. Qg6 1-0